Statistics for Legend of Zelda Races

Click here to take the quiz!

General Stats

  • This quiz has been taken 11 times
  • The average score is 14 of 34

Answer Stats

First AppearanceHintAnswer% Correct
OoT, 1998Gentle giants who eat rocksGoron
100%
OoT, 1998All-female warriors in the desertGerudo
88%
LoZ, 1986People with pointy earsHylian
88%
OoT, 1998Children of the forestKokiri
88%
WW, 2002Playful little forest sprites made of woodKorok
88%
OoT, 1998Fish-people who rule a domainZora
88%
OoT, 1998Cowardly plant-like creaturesDeku
75%
LoZ, 1986Helpful beings who heal LinkFairy
75%
WW, 2002Bird-people who live in a lofty villageRito
75%
TP, 2006Giant furry people in the mountainsYeti
63%
LoZ, 1986Common enemies who are sometimes not all badMoblin
50%
OoT, 1998Mysterious spirits from deep in the forestSkull Kid
50%
TP, 2006Shadowy entities from another realmTwili
50%
WW, 2002Huge, powerful reptilian spiritsDragon
38%
LttP, 1991People with round earsHuman
38%
OoT, 1998Tricky three-tailed foxKeaton
38%
MC, 2004Tiny mouse-people who are invisible to adultsMinish
38%
LttP, 1991Mischievous little primatesMonkey
38%
ST, 2009Good spirits who ride around on small vehiclesLokomo
25%
BotW, 2017Extinct tribe of jungle barbariansZonai
25%
SS, 2011Robots that built advanced factories and shipsAncient Robot
13%
PH, 2007Cold-loving people with antlers and fur coatsAnouki
13%
SS, 2011Beings that exude evil; some of them are friendlyDemon
13%
WW, 2002Helpful talking fish in the seaFishman
13%
SS, 2011Timid forest critters that seem half-plantKikwi
13%
SS, 2011Greedy moles who dig undergroundMogma
13%
TP, 2006Weird birds with a city in the skyOocca
13%
SS, 2011Aquatic tribe of seahorse-like invertebrateParella
13%
OoT, 1998Ancient white-haired tribeShekiah
13%
OoA/OoS, 2001Mysterious subterranean race with hooded cloaksSubrosian
13%
OoA/OoS, 2001Secretive lizard people who inhabit cavesTokay
13%
ALBW, 2013Squid-like species with spiky shellsMaiamai
0%
PH, 2007Ape-like beasts wielding clubs and icy breathYook
0%
FSA, 2004Cactus-like desert peopleZuna
0%

Score Distribution

Percentile by Number Answered

Percent of People with Each Score

Your Score History

You have not taken this quiz